| 000 | 00412nam a2200169Ia 4500 | ||
|---|---|---|---|
| 008 | 230711s9999||||xx |||||||||||||| ||und|| | ||
| 041 | _aENG | ||
| 082 |
_a658 _bAP-P |
||
| 100 | _aAppannaiah,H.R | ||
| 245 | 0 | _aPerspective management | |
| 250 | _a1st Ed. | ||
| 260 |
_c2009 _aMumbai _bHimalaya Publishing House |
||
| 300 | _a207 | ||
| 650 | _aUNIVESITY BUSNIESS SCHOOL | ||
| 700 | _aRamanath,H.R | ||
| 942 | _cBK | ||
| 999 |
_c5571 _d5571 |
||